Gravitačný model zahraničného obchodu českej a slovenskej republiky 1995–2012: ako sa zmenili determinanty obchodu?
Gravitačné modely obchodu Slovenskej a Českej republiky za obdobie rokov 1995–2012. Pri ich tvorbe je využívaná Heckmanova korekcia a metóda Tobit. Prezentované gravitačné modely poskytujú odpovede na niekoľko otázok o determinantoch zahraničného obchodu SR a ČR v uvedenom období: Je členstvo v Euró...
Salvato in:
| Autore principale: | |
|---|---|
| Altri autori: | , , |
| Natura: | Capitolo di libro |
| Lingua: | slovacco |
| Soggetti: | |
| Tags: |
Nessun Tag, puoi essere il primo ad aggiungerne!!
|
MARC
| LEADER | 00000naa a2200000 4500 | ||
|---|---|---|---|
| 001 | 0209819 | ||
| 005 | 20241016150702.2 | ||
| 041 | 0 | |a slo | |
| 044 | |a CZ | ||
| 245 | 1 | 0 | |a Gravitačný model zahraničného obchodu českej a slovenskej republiky 1995–2012: ako sa zmenili determinanty obchodu? |c Martin Grančay, Nóra Grančay, Jana Drutarovská, Ladislav Mura |
| 520 | |a Gravitačné modely obchodu Slovenskej a Českej republiky za obdobie rokov 1995–2012. Pri ich tvorbe je využívaná Heckmanova korekcia a metóda Tobit. Prezentované gravitačné modely poskytujú odpovede na niekoľko otázok o determinantoch zahraničného obchodu SR a ČR v uvedenom období: Je členstvo v Európskej únii významným faktorom priamo ovplyvňujúcim bilaterálne obchodné toky krajín? Ako sa v čase mení význam hospodárskej úrovne, vzdialenosti a spoločnej hranice? Aký vplyv na zahraničný obchod SR a ČR má podobnosť výšky príjmu na obyvateľa s obchodným partnerom? Poznanie odpovedí na tieto otázky má implikácie tak pre ekonomickú teóriu, ako aj pre praktickú hospodársku politiku. | ||
| 610 | 2 | 0 | |a Česko |
| 610 | 2 | 0 | |a Slovensko |
| 610 | 2 | 0 | |a ekonómia medzinárodná |
| 610 | 2 | 0 | |a modely ekonomicko-matematické |
| 610 | 2 | 0 | |a obchod zahraničný |
| 100 | 1 | |a Grančay, Martin, 1984-2024 | |
| 700 | 1 | |a Grančay, Nóra | |
| 700 | 1 | |a Drutarovská, Jana, 1989- | |
| 700 | 1 | |a Mura, Ladislav, 1979- | |